000 00543nam a2200193Ia 4500
003 OSt
005 20251106153030.0
008 220923b |||||||| |||| 00| 0 urd d
037 _cTB
040 _aCRL
_cCRL
_burd
041 _2urd
_aurd
084 _aO168w273 P6.1-.2
_qCRL
100 _aShamsi Abul Kalam Qasmi
_9216678
245 0 _aTazkera ulama e Bihar
260 _c1974.
650 _aURDU LITERATURE
_9850337
942 _hO168w273 P6.1-.2
_cTB
_2CC
_n0
999 _c455519
_d455519